| 000 | 00354 a2200109 4500 | ||
|---|---|---|---|
| 001 | ART_6385 | ||
| 005 | 20260410161619.0 | ||
| 008 | 260409a | ||
| 245 | 1 | 0 | _aLa actuación del contador público en el asesoramiento comercial a Pymes y franchising |
| 100 | 1 | _aRodríguez, Raquel E. | |
| 773 | 0 |
_tEnfoques _g- Nº 3 (mar. 2009) _wREV416 |
|
| 999 |
_c11408 _d11408 |
||